Grimm's Fairy Stories (Record no. 240282)
[ view plain ]
| 000 -LEADER | |
|---|---|
| fixed length control field | 01320cam a22002773a 4500 |
| 001 - CONTROL NUMBER | |
| control field | 11027 |
| 003 - CONTROL NUMBER IDENTIFIER | |
| control field | PGUSA |
| 005 - DATE AND TIME OF LATEST TRANSACTION | |
| control field | 20140828083231.0 |
| 008 - FIXED-LENGTH DATA ELEMENTS--GENERAL INFORMATION | |
| fixed length control field | 040201s2004||||xxu|||||s|||||000 | eng d |
| 040 ## - CATALOGING SOURCE | |
| Original cataloging agency | PGUSA |
| Language of cataloging | eng |
| 042 ## - AUTHENTICATION CODE | |
| Authentication code | dc |
| 050 #4 - LIBRARY OF CONGRESS CALL NUMBER | |
| Classification number | PZ |
| 100 1# - MAIN ENTRY--PERSONAL NAME | |
| Personal name | Grimm, Jacob, |
| Dates associated with a name | 1785-1863 |
| 245 10 - TITLE STATEMENT | |
| Title | Grimm's Fairy Stories |
| Medium | [electronic resource] / |
| Statement of responsibility, etc | Jacob Grimm |
| 260 ## - PUBLICATION, DISTRIBUTION, ETC. (IMPRINT) | |
| Name of publisher, distributor, etc | Project Gutenberg, |
| Date of publication, distribution, etc | 2004 |
| 505 0# - FORMATTED CONTENTS NOTE | |
| Formatted contents note | The goose-girl -- The little brother and sister -- Hansel and Grethel -- Oh, if I could but shiver! -- Dummling and the three feathers -- Little Snow White -- Catherine and Frederick -- The valiant little Tailor -- Little Red Cap -- The golden goose -- Bearskin -- Cinderella -- Faithful John -- The water of life -- Thumbling -- Briar Rose -- The six Swans -- Rapunzel -- Mother Holle -- The Frog Prince -- The travels of Tom Thumb -- Snow-White and Rose-Red -- The three little men in the wood -- Rumpelstiltskin -- Little One-Eye, Two-Eyes and Three-Eyes. |
| 506 ## - RESTRICTIONS ON ACCESS NOTE | |
| Terms governing access | Public domain in the USA. |
| 516 ## - TYPE OF COMPUTER FILE OR DATA NOTE | |
| Type of computer file or data note | Electronic text |
| 653 ## - INDEX TERM--UNCONTROLLED | |
| Uncontrolled term | Fairy tales -- Germany |
| 653 ## - INDEX TERM--UNCONTROLLED | |
| Uncontrolled term | Fairy tales |
| 700 1# - ADDED ENTRY--PERSONAL NAME | |
| Personal name | Owen, Robert Emmett, |
| Dates associated with a name | 1878-1957 |
| 700 1# - ADDED ENTRY--PERSONAL NAME | |
| Personal name | Gruelle, Johnny, |
| Dates associated with a name | 1880-1938 |
| 830 #0 - SERIES ADDED ENTRY--UNIFORM TITLE | |
| Uniform title | Project Gutenberg |
| Volume number/sequential designation | 11027 |
| 856 40 - ELECTRONIC LOCATION AND ACCESS | |
| Uniform Resource Identifier | <a href="http://www.gutenberg.org/ebooks/11027">http://www.gutenberg.org/ebooks/11027</a> |
| 942 ## - ADDED ENTRY ELEMENTS (KOHA) | |
| Koha item type | eBooks |
| Withdrawn status | Lost status | Damaged status | Home library | Current library | Date acquired | Total Checkouts | Date last seen | Price effective from | Koha item type |
|---|---|---|---|---|---|---|---|---|---|
| Project Gutenberg | Project Gutenberg | 08/28/2014 | 08/28/2014 | 08/28/2014 | eBooks |